000 00422nam a22001697a 4500
005 20160616095256.0
008 160616b xxu||||| |||| 00| 0 eng d
020 _a81-259-0345-3
041 _aeng
082 _b7889
100 _aPylee, M.U.
_92044
245 _aWorker Participation in Management
260 _aNew Delhi
_bVikas Publishing House (P) Ltd.
300 _a260
650 _aManagement
_9241
942 _cBK
999 _c2859
_d2858